Регионална библиотека "Любен Каравелов" - Русе

Дъщерята на Калояна (Запис номер 79913)

MARC детайли
000 -Лидер
Контролно поле с фиксирана дължина 01380nam a2200301 c 4500
003 - Код на организацията, давaща контролен номер
Контролно поле BLK
005 - Дата и час на последна редакция
Контролно поле 20230405030316.0
008 - Елементи от данни с фиксирана дължина
fixed length control field 180408b bul|||||r ||||||| ||bul||
010 ## - Наследен системен номер
LC control number KNG00084396000
020 ## - Международен стандартен номер на книга ISBN
Международен стандартен номер на книга ISBN 978-954-330-140-9
-- издат.: Унискорп
040 ## - Източник на каталожния запис
Идентификатор на билиотеката - собственик на записа BLK
041 ## - Код за език
Код за езика на текст/звукозапис или на отделно заглавие Български
Код за езика КДБФ Български
080 ## - УДК
Текстов определител УДК Българска литература
УДК код - определител по УДК 821.163.2
УДК определител -311.6
УДК - код + определител 821.163.2-311.6
100 1# - Редна дума - Автор
Автор Попова-Мутафова, Фани Добрева
Дати, свързани с автора 1902-1977
Автор - информация (биография) писател
Авторска отговорност първи автор
R(LIN) 366640
139 ## - Редно поле
Редна дума Попова-Мутафова, Фани Добрева
Авторски знак Попов - П 76
245 10 - Сведения за заглавието
Заглавие Дъщерята на Калояна
Подзаглавни данни Ист. роман
Редно поле (дума) Фани Добрева Попова-Мутафова.
257 ## - Страна на издаване
Страна на създаване/издаване България
260 ## - Област на издателските данни
-- София
Име на издателя, разпространителя и проч. Унискорп
Година на издаване 2008
300 ## - Физическа характеристика
Страници 488 с.
Размери/Мащаб 21 см
380 ## - Жанр
Жанр Худож. лит.
500 ## - Общи забележки
Забележка 1. изд. 1936. - Офс. изд. - В кн. означено 2. изд. - Речник на някои старинни названия, чужди думи и собствени имена. - Кн. 2 от четирилогията Асеновци : Хроника на едно семейство.
653 ## - Ключова дума – ненормативна
Ключова дума исторически романи
852 ## - Местоположение
Форматна сигнатура Цб 240475
856 4# - Електронен адрес и достъп
Електронен формат pdf - файл
Път до файла /url/
856 4# - Електронен адрес и достъп
Електронен формат pdf - файл
Път до файла /url/
942 ## - АРТИКУЛИ
Вид на библиотечния материал Книги
Скрит в OPAC Не
Koha issues (borrowed), all copies 1
944 ## - СЪЗДАВАНЕ И РЕДАКЦИЯ на ЗАПИСА
Създаване/Редакция Създаване
Дата на регистрацията/редакция 18.06.2008
Служител, извършил регистрацията/редакцията Людмила_Стоянова
944 ## - СЪЗДАВАНЕ И РЕДАКЦИЯ на ЗАПИСА
Създаване/Редакция Редакция
Дата на регистрацията/редакция 09.03.2015
Служител, извършил регистрацията/редакцията Пенка_Димитрова
999 ## - СИСТЕМНИ КОНТРОЛНИ НОМЕРА
Koha biblionumber 79913
Koha biblioitemnumber 79913
Наличности
Код за отписване Код за изгубен артикул Източник на класификационната схема Код за повреда Коз за рестрикции Код за отдаване Артикулен № Име на библиотеката - собственик Име на библиотеката, в която се намира в момента Статус (Текущо местоположение) Дата на вписване в системата Местоположение - отдел Цена в лева Инвентарен номер Систематично азбучна сигнатура Баркод Номер на екземпляра Цена в евро Служебна бележка Служебен тип на артикула
  Не е изгубен Universal Decimal Classification Не е повреден без рестрикции заемане за дома 129301 Регионална библиотека "Любен Каравелов" Русе Регионална библиотека "Любен Каравелов" Русе Заемна - подръчен фонд 2008-06-18 Заемна - подръчен фонд 12.00 120000727229 П 886.7-31/П 76 120000727229 1 6.14 Дост: Pk Вид: Ф N: 4279 Дата: 04.06.2008 Книги
  Не е изгубен   Не е повреден без рестрикции ползва се в читалня 129302 Регионална библиотека "Любен Каравелов" Русе Регионална библиотека "Любен Каравелов" Русе Хранилище 2015-03-09 Хранилище 12.00 120000786170 Цб 240475 120000786170 2 6.14 Дост: Dp Вид: Д N: 30 Дата: 03.07.2014 Книги
Vip Innovations Ltd, Rousse, Bulgaria 2025